| 000 | 01118cab a2200229 4500 | ||
|---|---|---|---|
| 001 | E2705 | ||
| 008 | 090401t1996 xxu||||| |||| 00| 0 eng d | ||
| 035 | _a(Sirsi) u40582 | ||
| 041 | _aeng | ||
| 245 | _aStrathclyde Regional Council v Persimmon Homes (Scotland) Ltd | ||
| 260 | _c1996 | ||
| 350 | _a0 | ||
| 490 |
_aScots Law Times _v1996 SLT 176-182(7) |
||
| 520 | _aOuter House. Lord Clyde. 7 January 1994. Heritable property - wrongful encroachment - construction of access road - specification of nature of encroachment - appropriate remedy - road constructed on land belonging to local authority - effect on rights of authority as heritable proprietor of grant of planning permission and consent to construct road - no intimation to authority, as owners, of application for construction consent - whether obligation to build road - whether tacit consent - basis of quantification of damages. | ||
| 650 | _aACCESS ROAD | ||
| 650 | _aPLANNING PERMISSION | ||
| 650 | _aROAD (SCOTLAND) ACT 1984 | ||
| 650 | _aSCOTLAND | ||
| 690 | _aPROPERTY LAW AND PRACTICE-CASE LAW | ||
| 942 | _n0 | ||
| 948 | _c04/03/1997 | ||
| 999 |
_c25998 _d25998 |
||